书目信息 |
| 题名: |
无机化学实验
|
|
| 作者: | ;中山大学 编 | |
| 分册: | ||
| 出版信息: | 北京 高等教育出版社 1981 |
|
| 页数: | 194页 | |
| 开本: | 25cm | |
| 丛书名: | ||
| 单 册: | ||
| 中图分类: | O61-33 | |
| 科图分类: | ||
| 主题词: | 无机化学--实验--高等学校--教材 | |
| 电子资源: | ||
| ISBN: | ||
| 000 | 00790nam0 2200277 45 | |
| 001 | 0181005226 | |
| 005 | 20060524155222.42 | |
| 010 | @dCNY1.05 | |
| 091 | @a13010.0826 | |
| 100 | @a19950316d1981 em y0chiy0121 ea | |
| 101 | 0 | @achi |
| 102 | @aCN@b110000 | |
| 105 | @ay z 000yy | |
| 106 | @ar | |
| 200 | 10 | @a无机化学实验@e1981年修订本@E1981 Nian Xiu Ding Ben@Awu ji hua xue shi yan@f中山大学等编 |
| 205 | @a2版 | |
| 210 | @a北京@c高等教育出版社@d1981 | |
| 215 | @a194页@d25cm | |
| 300 | @a高等学校教材 | |
| 517 | @a1981年修订本@A1981 Nian Xiu Ding Ben | |
| 606 | @a无机化学@x实验@x高等学校@x教材 | |
| 690 | @aO61-33@v3 | |
| 712 | 02 | @a中山大学@Azhong shan da xue@4编 |
| 801 | 0 | @aCN@b上海图书馆@c20060524 |
| 801 | 2 | @aCN@bNLC@c20040521 |
| 905 | @dO61-33@e10=2@f1@b95167 | |
| 无机化学实验:1981年修订本/中山大学等编.-2版.-北京:高等教育出版社,1981 |
| 194页;25cm |
| 高等学校教材 |
| ISBN :CNY1.05 |
| ● |
| 相关链接 |
|
|
|
|
正题名:无机化学实验
索取号:O61-33/10=2
 
预约/预借
| 序号 | 登录号 | 条形码 | 馆藏地/架位号 | 状态 | 备注 |
| 1 | 0095167 | 001945211 | 密集书库/ [索取号:O61-33/10=2] | 在馆 | |
| 2 | 0095168 | 000346209 | 密集书库/ [索取号:O61-33/10=2] | 在馆 | |
| 3 | 0095169 | 000346094 | 第三借阅区/ [索取号:O61-33/10=2] | 在馆 | |
| 4 | 0095170 | 000346101 | 密集书库/ [索取号:O61-33/10=2] | 在馆 | |
| 5 | 0095171 | 202099709 | 第二样本阅览室/ [索取号:O61-33/10=2] | 在馆 | |
| 6 | 0109067 | 000346138 | 密集书库/ [索取号:O61-33/10=2] | 在馆 | |
| 7 | 0109068 | 000346110 | 第三借阅区/ [索取号:O61-33/10=2] | 在馆 |